[Event "4. Internacional Cidade de São Paulo"]
[Site "São Paulo BRA"]
[Date "2005.11.14"]
[Round "5.3"]
[White "Sunye Neto, Jaime"]
[Black "Fier, Alexandr Hilario"]
[Result "1-0"]
[WhiteElo "2522"]
[BlackElo "2443"]
[PlyCount "71"]
[EventDate "2005.11.10"]
[EventType "tourn"]
[EventRounds "9"]
[EventCountry "BRA"]
[EventCategory "11"]
[Source "lmi"]
[SourceDate "2005.11.18"]

1. c4 e5 2. g3 Nf6 3. Bg2 Nc6 4. Nc3 Bb4 5. Nd5 Bc5 6. e3 O-O 7. Ne2 Nxd5 8.
cxd5 Ne7 9. a3 c6 10. b4 Bb6 11. Bb2 Nxd5 12. Bxe5 d6 13. Bb2 Re8 14. O-O Bf5
15. Nd4 Bd3 16. Re1 Qf6 17. Qb3 Qg6 18. b5 Ne7 19. bxc6 bxc6 20. Nxc6 Nxc6 21.
Bxc6 Be4 22. Bxe8 Rxe8 23. Qb5 Rb8 24. Bd4 Qg4 25. Qe2 Bf3 26. Qf1 Bxd4 27.
exd4 Qxd4 28. Rab1 Rf8 29. Qb5 g6 30. Re8 Qg4 31. Rxf8+ Kxf8 32. Qd3 d5 33. Qc3
d4 34. Qc5+ Kg7 35. Qe5+ Kh6 36. h3 1-0

[Event "4. Internacional Cidade de São Paulo"]
[Site "São Paulo BRA"]
[Date "2005.11.14"]
[Round "5.4"]
[White "Limp, Eduardo Thelio"]
[Black "Galego, Luis"]
[Result "1/2-1/2"]
[WhiteElo "2447"]
[BlackElo "2522"]
[PlyCount "73"]
[EventDate "2005.11.10"]
[EventType "tourn"]
[EventRounds "9"]
[EventCountry "BRA"]
[EventCategory "11"]
[Source "lmi"]
[SourceDate "2005.11.18"]

1. Nf3 Nf6 2. c4 e6 3. b3 d5 4. e3 c5 5. Bb2 Nc6 6. cxd5 exd5 7. Bb5 Be7 8. Ne5
Qb6 9. Nc3 O-O 10. Nxc6 bxc6 11. Be2 Be6 12. O-O c4 13. Na4 Qa5 14. Bc3 Bb4 15.
Bxf6 gxf6 16. a3 Be7 17. d4 Rab8 18. b4 Qc7 19. Qd2 a5 20. bxa5 Rb5 21. Nc3
Qxa5 22. Bd1 Rfb8 23. Ra2 R5b7 24. Bc2 f5 25. Ba4 Rb6 26. g3 Qa8 27. Rfa1 R8b7
28. Bc2 Qa5 29. Ba4 Kf8 30. Kg2 Bf6 31. Rc1 Qa8 32. Bd1 Be7 33. Na4 Rb3 34. Nc5
Bxc5 35. dxc5 Rxa3 36. Rxa3 Qxa3 37. Rxc4 1/2-1/2

[Event "4. Internacional Cidade de São Paulo"]
[Site "São Paulo BRA"]
[Date "2005.11.14"]
[Round "5.5"]
[White "Leitao, Rafael Duailibe"]
[Black "Milos Jr, Gilberto"]
[Result "1/2-1/2"]
[WhiteElo "2586"]
[BlackElo "2620"]
[PlyCount "37"]
[EventDate "2005.11.10"]
[EventType "tourn"]
[EventRounds "9"]
[EventCountry "BRA"]
[EventCategory "11"]
[Source "lmi"]
[SourceDate "2005.11.18"]

1. d4 d5 2. c4 dxc4 3. Nf3 Nf6 4. Qa4+ c6 5. Qxc4 Bf5 6. g3 e6 7. Bg2 Be7 8.
O-O O-O 9. Nc3 Nbd7 10. Re1 Ne4 11. Qb3 Qb6 12. Nh4 Bxh4 13. Nxe4 Qxb3 14. axb3
Bxe4 15. Bxe4 Bf6 16. e3 e5 17. dxe5 Bxe5 18. Bc2 Rfd8 19. Rd1 1/2-1/2

[Event "4. Internacional Cidade de São Paulo"]
[Site "São Paulo BRA"]
[Date "2005.11.15"]
[Round "6.1"]
[White "Matsuura, Everaldo"]
[Black "Milos Jr, Gilberto"]
[Result "1/2-1/2"]
[WhiteElo "2453"]
[BlackElo "2620"]
[PlyCount "46"]
[EventDate "2005.11.10"]
[EventType "tourn"]
[EventRounds "9"]
[EventCountry "BRA"]
[EventCategory "11"]
[Source "lmi"]
[SourceDate "2005.11.18"]

1. e4 c5 2. c3 d5 3. exd5 Qxd5 4. d4 Nf6 5. Nf3 Bg4 6. Be2 e6 7. h3 Bh5 8. O-O
Nc6 9. Na3 Rc8 10. Nc2 cxd4 11. Nfxd4 Nxd4 12. Nxd4 Bxe2 13. Qxe2 Bc5 14. Be3
O-O 15. Nb3 Bxe3 16. Qxe3 b6 17. Rfd1 Qb5 18. Qd3 Qg5 19. Nd4 Nd5 20. Nf3 Qf4
21. Qe2 Rc4 22. Rd4 Rxd4 23. Nxd4 Qg5 1/2-1/2

[Event "4. Internacional Cidade de São Paulo"]
[Site "São Paulo BRA"]
[Date "2005.11.15"]
[Round "6.2"]
[White "Galego, Luis"]
[Black "Leitao, Rafael Duailibe"]
[Result "1-0"]
[WhiteElo "2522"]
[BlackElo "2586"]
[PlyCount "153"]
[EventDate "2005.11.10"]
[EventType "tourn"]
[EventRounds "9"]
[EventCountry "BRA"]
[EventCategory "11"]
[Source "lmi"]
[SourceDate "2005.11.18"]

1. e4 c5 2. Nf3 e6 3. Nc3 a6 4. g3 b5 5. Bg2 Bb7 6. d3 d6 7. O-O Nf6 8. a3 Be7
9. Ng5 Nc6 10. f4 h6 11. Nh3 Qc7 12. f5 exf5 13. Rxf5 Ne5 14. Rf1 g5 15. Nd5
Nxd5 16. exd5 Qd7 17. c3 O-O 18. Qh5 Kg7 19. Nf2 f5 20. Bd2 Bf6 21. a4 Qf7 22.
Qxf7+ Rxf7 23. axb5 axb5 24. Rxa8 Bxa8 25. Ra1 Bb7 26. Ra5 Bd8 27. Rxb5 Ba6 28.
Rb8 Bc7 29. Ra8 Bxd3 30. Nxd3 Nxd3 31. c4 Ne5 32. Bc3 Re7 33. Bh3 g4 34. Bf1
Kg6 35. Be2 Nd7 36. Bd3 Ne5 37. Be2 Nd7 38. Kf2 Nf6 39. Bd3 Re8 40. Ra7 Re7 41.
Bd2 Bd8 42. Ra8 Re8 43. Bf4 Be7 44. Ra7 Bf8 45. b3 Be7 46. Ra6 Rd8 47. Ke2 h5
48. Kd2 h4 49. gxh4 Nh5 50. Be3 Bf6 51. Bf2 Rd7 52. Bg1 Rd8 53. Bc2 Rd7 54. Be3
Rd8 55. Ke2 Rd7 56. Kf1 Rd8 57. Bf2 Rd7 58. Be3 Rd8 59. Bd3 Rd7 60. Bc2 Rd8 61.
Bd2 Rd7 62. b4 cxb4 63. Bxb4 Rb7 64. Bxd6 Rb2 65. Ba4 f4 66. Be8+ Kf5 67. Bc5
Rb1+ 68. Ke2 f3+ 69. Kd2 Nf4 70. Bd7+ Ke4 71. Rxf6 Rb2+ 72. Kc3 f2 73. Bxf2
Rxf2 74. Kb3 Rf3+ 75. Ka4 Nxd5 76. Rxf3 gxf3 77. Bc6 1-0

[Event "4. Internacional Cidade de São Paulo"]
[Site "São Paulo BRA"]
[Date "2005.11.15"]
[Round "6.3"]
[White "Fier, Alexandr Hilario"]
[Black "Limp, Eduardo Thelio"]
[Result "1-0"]
[WhiteElo "2443"]
[BlackElo "2447"]
[PlyCount "61"]
[EventDate "2005.11.10"]
[EventType "tourn"]
[EventRounds "9"]
[EventCountry "BRA"]
[EventCategory "11"]
[Source "lmi"]
[SourceDate "2005.11.18"]

1. e4 c5 2. Nf3 Nc6 3. d4 cxd4 4. Nxd4 Nf6 5. Nc3 d6 6. Bg5 e6 7. Qd2 Be7 8.
O-O-O Nxd4 9. Qxd4 O-O 10. f4 Qa5 11. Bc4 Bd7 12. e5 dxe5 13. fxe5 Bc6 14. Bd2
Nd7 15. Nd5 Qd8 16. Nxe7+ Qxe7 17. Rhe1 Nb6 18. Bf1 Rfd8 19. Qg4 a5 20. Kb1 Rd5
21. Bd3 Bb5 22. Bg5 Qf8 23. Be4 Rxd1+ 24. Rxd1 Nc4 25. b3 Na3+ 26. Kc1 Rc8 27.
Qh4 f5 28. exf6 g6 29. Qh3 Kh8 30. Bxg6 Qg8 31. f7 1-0

[Event "4. Internacional Cidade de São Paulo"]
[Site "São Paulo BRA"]
[Date "2005.11.15"]
[Round "6.4"]
[White "Lima, Darcy Gustavo"]
[Black "Sunye Neto, Jaime"]
[Result "1/2-1/2"]
[WhiteElo "2529"]
[BlackElo "2522"]
[PlyCount "58"]
[EventDate "2005.11.10"]
[EventType "tourn"]
[EventRounds "9"]
[EventCountry "BRA"]
[EventCategory "11"]
[Source "lmi"]
[SourceDate "2005.11.18"]

1. d4 Nf6 2. c4 e6 3. Nc3 Bb4 4. Qc2 c5 5. dxc5 Nc6 6. Nf3 O-O 7. Bg5 Bxc5 8.
a3 Nd4 9. Nxd4 Bxd4 10. e3 Qa5 11. exd4 Qxg5 12. Qd2 Qxd2+ 13. Kxd2 b6 14. Bd3
Bb7 15. f3 d6 16. b4 Rfd8 17. Rhb1 Bc6 18. a4 a5 19. bxa5 bxa5 20. Rb6 Rdc8 21.
Nb5 Nd7 22. Rxc6 Rxc6 23. Be4 Rac8 24. Bxc6 Rxc6 25. Kd3 Kf8 26. Rb1 e5 27. Na7
Rc7 28. Nb5 Rc6 29. Na7 Rc7 1/2-1/2

[Event "4. Internacional Cidade de São Paulo"]
[Site "São Paulo BRA"]
[Date "2005.11.15"]
[Round "6.5"]
[White "Vescovi, Giovanni Portilho"]
[Black "Rodriguez, Andres"]
[Result "1-0"]
[WhiteElo "2646"]
[BlackElo "2479"]
[PlyCount "59"]
[EventDate "2005.11.10"]
[EventType "tourn"]
[EventRounds "9"]
[EventCountry "BRA"]
[EventCategory "11"]
[Source "lmi"]
[SourceDate "2005.11.18"]

1. e4 e5 2. Nf3 Nc6 3. d4 exd4 4. Nxd4 Qh4 5. Nc3 Bb4 6. Be2 Qxe4 7. Ndb5 Bxc3+
8. bxc3 Kd8 9. O-O Nf6 10. Re1 Re8 11. Be3 d6 12. Rb1 Bd7 13. c4 Ne5 14. c5 Bc6
15. Bf1 Qg6 16. Nd4 Bd5 17. Bf4 Nfd7 18. Bg3 dxc5 19. Nb5 Be4 20. Qd2 f5 21. f3
f4 22. Qxf4 Bxc2 23. Rbc1 a6 24. Na3 Bd3 25. Rcd1 c4 26. Nxc4 Bxc4 27. Bxc4
Qb6+ 28. Bf2 Qa5 29. Be6 Qxe1+ 30. Bxe1 1-0

[Event "4. Internacional Cidade de São Paulo"]
[Site "São Paulo BRA"]
[Date "2005.11.16"]
[Round "7.1"]
[White "Rodriguez, Andres"]
[Black "Matsuura, Everaldo"]
[Result "1-0"]
[WhiteElo "2479"]
[BlackElo "2453"]
[PlyCount "73"]
[EventDate "2005.11.10"]
[EventType "tourn"]
[EventRounds "9"]
[EventCountry "BRA"]
[EventCategory "11"]
[Source "lmi"]
[SourceDate "2005.11.18"]

1. e4 c5 2. Nc3 Nc6 3. g3 g6 4. Bg2 Bg7 5. d3 d6 6. f4 e6 7. Nf3 Nge7 8. Be3
Nd4 9. O-O O-O 10. e5 Nef5 11. Bf2 Nxf3+ 12. Qxf3 Bd7 13. Qxb7 Rb8 14. Qxa7
Rxb2 15. Ne4 dxe5 16. fxe5 Bxe5 17. Qxc5 Rb5 18. Qc4 Qb8 19. Nc5 Rxc5 20. Bxc5
Bxa1 21. Bxf8 Bd4+ 22. Kh1 Qe5 23. g4 Ne3 24. Qb4 Nxf1 25. Bd6 Qb5 26. Qxd4 Bc6
27. Bf4 Nd2 28. Bxd2 Qb1+ 29. Qg1 Qxc2 30. Qc1 Bxg2+ 31. Kxg2 Qxa2 32. Qc8+ Kg7
33. Qc3+ f6 34. g5 Qd5+ 35. Kg1 e5 36. Qc7+ Kg8 37. Qc4 1-0

[Event "4. Internacional Cidade de São Paulo"]
[Site "São Paulo BRA"]
[Date "2005.11.16"]
[Round "7.2"]
[White "Sunye Neto, Jaime"]
[Black "Vescovi, Giovanni Portilho"]
[Result "0-1"]
[WhiteElo "2522"]
[BlackElo "2646"]
[PlyCount "54"]
[EventDate "2005.11.10"]
[EventType "tourn"]
[EventRounds "9"]
[EventCountry "BRA"]
[EventCategory "11"]
[Source "lmi"]
[SourceDate "2005.11.18"]

1. c4 c6 2. Nf3 d5 3. d4 Nf6 4. Nc3 dxc4 5. a4 Bf5 6. e3 e6 7. Bxc4 Bb4 8. O-O
O-O 9. Qe2 Ne4 10. Nxe4 Bxe4 11. Rd1 Nd7 12. Bd3 Nf6 13. Bd2 Bd6 14. Be1 Qe7
15. Bxe4 Nxe4 16. Qc2 f5 17. Ne5 Nf6 18. Nc4 Bc7 19. a5 Rac8 20. Qb3 Nd5 21. a6
b6 22. Rac1 Bb8 23. f3 c5 24. Ne5 f4 25. Bd2 fxe3 26. Bxe3 Bxe5 27. dxe5 c4 0-1

[Event "4. Internacional Cidade de São Paulo"]
[Site "São Paulo BRA"]
[Date "2005.11.16"]
[Round "7.3"]
[White "Limp, Eduardo Thelio"]
[Black "Lima, Darcy Gustavo"]
[Result "1/2-1/2"]
[WhiteElo "2447"]
[BlackElo "2529"]
[PlyCount "20"]
[EventDate "2005.11.10"]
[EventType "tourn"]
[EventRounds "9"]
[EventCountry "BRA"]
[EventCategory "11"]
[Source "lmi"]
[SourceDate "2005.11.18"]

1. d4 d5 2. Nf3 Nf6 3. c3 c6 4. Bf4 g6 5. Nbd2 Bg7 6. h3 O-O 7. e3 Bf5 8. Be2
Ne4 9. O-O Nxd2 10. Qxd2 Nd7 1/2-1/2

[Event "4. Internacional Cidade de São Paulo"]
[Site "São Paulo BRA"]
[Date "2005.11.16"]
[Round "7.4"]
[White "Leitao, Rafael Duailibe"]
[Black "Fier, Alexandr Hilario"]
[Result "1/2-1/2"]
[WhiteElo "2586"]
[BlackElo "2443"]
[PlyCount "150"]
[EventDate "2005.11.10"]
[EventType "tourn"]
[EventRounds "9"]
[EventCountry "BRA"]
[EventCategory "11"]
[Source "lmi"]
[SourceDate "2005.11.18"]

1. d4 Nf6 2. c4 e6 3. Nf3 b6 4. g3 Ba6 5. Nbd2 Bb7 6. Bg2 c5 7. e4 cxd4 8. O-O
d6 9. Nxd4 a6 10. Re1 Qc7 11. a4 Nc6 12. Nxc6 Bxc6 13. a5 Be7 14. axb6 Qxb6 15.
Nb3 O-O 16. Na5 e5 17. Be3 Qc7 18. Nxc6 Qxc6 19. Qa4 Rfc8 20. Qxc6 Rxc6 21. b4
Rb8 22. Bd2 Rxc4 23. Rxa6 Rd4 24. Bc3 Rc4 25. Bd2 Rd4 26. Ra2 d5 27. Bc3 Rc4
28. Bxe5 Re8 29. Bxf6 Bxb4 30. Rd1 gxf6 31. exd5 Re1+ 32. Rxe1 Bxe1 33. Kf1 Bb4
34. Ke2 Rc8 35. Be4 Rd8 36. Kd3 f5 37. Bf3 f4 38. gxf4 Kg7 39. Ra7 Kf6 40. Kc4
Bd6 41. Bh5 Be7 42. Bg4 Rd6 43. Bd7 Rb6 44. Bb5 Bd6 45. h3 h6 46. Rd7 Be7 47.
f3 Bd6 48. f5 Be7 49. Rc7 Bd6 50. Ra7 Be7 51. Be8 Rb4+ 52. Kc3 Rb6 53. Rc7 Rd6
54. Kc4 Rd8 55. Bb5 Bd6 56. Rb7 Be7 57. Bc6 Bd6 58. Ra7 Be7 59. Kb5 Rb8+ 60.
Bb7 Kxf5 61. Kc6 Rd8 62. Kc7 Rd6 63. Ra8 Rf6 64. Kd7 Bb4 65. Ra4 Bf8 66. Ke8
Bd6 67. Rg4 h5 68. Rc4 Kg5 69. h4+ Kg6 70. Rc6 Bg3 71. Ba6 Bxh4 72. Bd3+ Kg7
73. Rxf6 Kxf6 74. d6 Ke5 75. Kxf7 Kxd6 1/2-1/2

[Event "4. Internacional Cidade de São Paulo"]
[Site "São Paulo BRA"]
[Date "2005.11.16"]
[Round "7.5"]
[White "Milos Jr, Gilberto"]
[Black "Galego, Luis"]
[Result "1-0"]
[WhiteElo "2620"]
[BlackElo "2522"]
[PlyCount "73"]
[EventDate "2005.11.10"]
[EventType "tourn"]
[EventRounds "9"]
[EventCountry "BRA"]
[EventCategory "11"]
[Source "lmi"]
[SourceDate "2005.11.18"]

1. e4 e5 2. Nf3 Nc6 3. Bb5 Nf6 4. O-O Nxe4 5. d4 Nd6 6. Bxc6 dxc6 7. dxe5 Nf5
8. Qxd8+ Kxd8 9. Nc3 h6 10. h3 Ke8 11. a3 Ne7 12. Re1 Nd5 13. Ne4 a5 14. b3 c5
15. c4 Nb6 16. a4 Bf5 17. Bb2 Nd7 18. g4 Be6 19. Nh2 g5 20. Nf1 Bg7 21. Neg3
Nf8 22. Nh5 Rg8 23. Nfg3 Bh8 24. Ne4 Nd7 25. Rad1 Rd8 26. Rd2 b6 27. Red1 Ke7
28. Nef6 Rgf8 29. f4 Nb8 30. f5 Rxd2 31. Rxd2 Bd7 32. Nd5+ Kd8 33. e6 fxe6 34.
fxe6 Bxe6 35. Ndf4+ Bd7 36. Ne6+ Ke7 37. Nxf8 1-0

[Event "4. Internacional Cidade de São Paulo"]
[Site "São Paulo BRA"]
[Date "2005.11.17"]
[Round "8.1"]
[White "Matsuura, Everaldo"]
[Black "Galego, Luis"]
[Result "1/2-1/2"]
[WhiteElo "2453"]
[BlackElo "2522"]
[PlyCount "45"]
[EventDate "2005.11.10"]
[EventType "tourn"]
[EventRounds "9"]
[EventCountry "BRA"]
[EventCategory "11"]
[Source "lmi"]
[SourceDate "2005.11.18"]

1. e4 c5 2. Nf3 e6 3. d4 cxd4 4. Nxd4 a6 5. Bd3 Qc7 6. O-O Nf6 7. Qe2 d6 8. c4
Nc6 9. Nxc6 bxc6 10. Nc3 e5 11. b3 Be7 12. Bb2 O-O 13. Na4 c5 14. Nc3 Be6 15.
f4 exf4 16. Rxf4 Nd7 17. Nd5 Bxd5 18. exd5 Ne5 19. Re1 Bg5 20. Rf5 f6 21. Rff1
g6 22. Bxe5 fxe5 23. Qg4 1/2-1/2

[Event "4. Internacional Cidade de São Paulo"]
[Site "São Paulo BRA"]
[Date "2005.11.17"]
[Round "8.2"]
[White "Fier, Alexandr Hilario"]
[Black "Milos Jr, Gilberto"]
[Result "1/2-1/2"]
[WhiteElo "2443"]
[BlackElo "2620"]
[PlyCount "151"]
[EventDate "2005.11.10"]
[EventType "tourn"]
[EventRounds "9"]
[EventCountry "BRA"]
[EventCategory "11"]
[Source "lmi"]
[SourceDate "2005.11.18"]

1. e4 c5 2. Nf3 Nc6 3. d4 cxd4 4. Nxd4 Nf6 5. Nc3 d6 6. Bg5 e6 7. Qd2 a6 8.
O-O-O Bd7 9. f4 b5 10. Bxf6 gxf6 11. Kb1 Qb6 12. Nxc6 Bxc6 13. Qe1 Ra7 14. f5
b4 15. Ne2 e5 16. Ng3 Ke7 17. Bc4 Rg8 18. Qe2 a5 19. Nf1 a4 20. Ne3 b3 21. Nd5+
Bxd5 22. Rxd5 bxc2+ 23. Qxc2 Bh6 24. Rhd1 Rc8 25. Rxd6 Qb4 26. b3 axb3 27. axb3
Rca8 28. Qb2 Be3 29. R6d3 Bd4 30. Rxd4 exd4 31. Qxd4 Qa3 32. Kc2 Qb4 33. Kb1 h5
34. g3 Ra1+ 35. Qxa1 Rxa1+ 36. Kxa1 Qc3+ 37. Kb1 Qe3 38. Bd3 Qf2 39. Bc2 Qxh2
40. Rd3 Qf2 41. Kb2 Qc5 42. Rd5 Qc7 43. Rd3 Qe5+ 44. Ka2 Qc5 45. Kb2 Kf8 46.
Bd1 Qf2+ 47. Kc3 Qe1+ 48. Kd4 Qg1+ 49. Kc4 Qh1 50. Bf3 Qc1+ 51. Kd5 Qc2 52. Kd4
Qf2+ 53. Kc4 Qxg3 54. Bxh5 Qc7+ 55. Kd4 Qb6+ 56. Kc4 Qa6+ 57. Kd4 Qa1+ 58. Kc4
Qc1+ 59. Kb5 Qc2 60. Rd7 Qxb3+ 61. Kc6 Qc2+ 62. Kb6 Qb3+ 63. Kc6 Qa4+ 64. Kc7
Qa7+ 65. Kc6 Qa4+ 66. Kc7 Qc2+ 67. Kb6 Qb2+ 68. Kc6 Qc3+ 69. Kb5 Qe5+ 70. Kb6
Qb8+ 71. Kc6 Qe8 72. Kc7 Qe5+ 73. Kb6 Qb2+ 74. Kc6 Qc3+ 75. Kb5 Qb3+ 76. Kc6
1/2-1/2

[Event "4. Internacional Cidade de São Paulo"]
[Site "São Paulo BRA"]
[Date "2005.11.17"]
[Round "8.3"]
[White "Lima, Darcy Gustavo"]
[Black "Leitao, Rafael Duailibe"]
[Result "1-0"]
[WhiteElo "2529"]
[BlackElo "2586"]
[PlyCount "103"]
[EventDate "2005.11.10"]
[EventType "tourn"]
[EventRounds "9"]
[EventCountry "BRA"]
[EventCategory "11"]
[Source "lmi"]
[SourceDate "2005.11.18"]

1. e4 c5 2. Nf3 e6 3. c4 Nc6 4. Nc3 e5 5. d3 d6 6. a3 Be7 7. Rb1 a5 8. g3 f5 9.
Bh3 fxe4 10. Bxc8 Rxc8 11. dxe4 Nd4 12. Be3 Nf6 13. Nd2 O-O 14. O-O Qd7 15. Kg2
Rf7 16. b4 axb4 17. axb4 cxb4 18. Nd5 Nxd5 19. exd5 Nf5 20. Rxb4 Nxe3+ 21. fxe3
Rcf8 22. Rxf7 Rxf7 23. Qe2 Bf8 24. Rb1 Qf5 25. Rf1 Qc2 26. Rxf7 Kxf7 27. Kf2
Be7 28. Qf3+ Ke8 29. Ke2 b5 30. cxb5 Qc5 31. Qh5+ g6 32. Qxh7 Qxb5+ 33. Kd1
Qxd5 34. Qxg6+ Kf8 35. Qe4 Qe6 36. Qa8+ Kg7 37. Ke2 Qh3 38. Nf3 Qg2+ 39. Ke1
Qc2 40. Qd5 Qc1+ 41. Ke2 Qc2+ 42. Nd2 Qc1 43. h4 Qg1 44. Nf1 Bxh4 45. gxh4 Qg4+
46. Kf2 Qxh4+ 47. Ng3 Qf6+ 48. Kg2 Kf8 49. e4 Ke7 50. Nf5+ Kd7 51. Qb7+ Ke8 52.
Kf3 1-0

[Event "4. Internacional Cidade de São Paulo"]
[Site "São Paulo BRA"]
[Date "2005.11.17"]
[Round "8.4"]
[White "Vescovi, Giovanni Portilho"]
[Black "Limp, Eduardo Thelio"]
[Result "1-0"]
[WhiteElo "2646"]
[BlackElo "2447"]
[PlyCount "45"]
[EventDate "2005.11.10"]
[EventType "tourn"]
[EventRounds "9"]
[EventCountry "BRA"]
[EventCategory "11"]
[Source "lmi"]
[SourceDate "2005.11.18"]

1. e4 c5 2. Nf3 Nc6 3. Bb5 e6 4. Bxc6 bxc6 5. d3 d5 6. Qe2 Ne7 7. c4 Ng6 8. O-O
Be7 9. Nc3 O-O 10. b3 f5 11. e5 d4 12. Na4 Rf7 13. Ba3 Qf8 14. Qd2 a5 15. Ng5
Nxe5 16. Nxf7 Nxf7 17. f4 Ra6 18. Rae1 h5 19. Re2 g6 20. Rfe1 Kg7 21. Re5 Nxe5
22. Rxe5 Bf6 23. Nxc5 1-0

[Event "4. Internacional Cidade de São Paulo"]
[Site "São Paulo BRA"]
[Date "2005.11.17"]
[Round "8.5"]
[White "Rodriguez, Andres"]
[Black "Sunye Neto, Jaime"]
[Result "1/2-1/2"]
[WhiteElo "2479"]
[BlackElo "2522"]
[PlyCount "89"]
[EventDate "2005.11.10"]
[EventType "tourn"]
[EventRounds "9"]
[EventCountry "BRA"]
[EventCategory "11"]
[Source "lmi"]
[SourceDate "2005.11.18"]

1. e4 c5 2. Nf3 d6 3. d4 cxd4 4. Nxd4 Nf6 5. Nc3 a6 6. Be3 e5 7. Nb3 Be6 8. Qd2
Nbd7 9. f4 Rc8 10. f5 Bc4 11. Bxc4 Rxc4 12. Qd3 Qc7 13. O-O-O b5 14. Nd2 Nc5
15. Bxc5 Rxc5 16. Nd5 Nxd5 17. exd5 Be7 18. Rhf1 Bg5 19. f6 g6 20. Kb1 Bxd2 21.
Rxd2 Rc4 22. Qe3 h5 23. Rd3 Qc5 24. Qd2 b4 25. Rc1 Kd7 26. c3 a5 27. b3 Rxc3
28. Rdxc3 bxc3 29. Rxc3 Qb5 30. a4 Qb7 31. Kb2 Rb8 32. h4 Qb6 33. Qd3 Qf2+ 34.
Ka3 Qg1 35. Ka2 Qf2+ 36. Rc2 Qb6 37. Rc6 Qb4 38. Qc2 Kd8 39. Qd3 Rc8 40. Ra6 e4
41. Qe3 Rc2+ 42. Kb1 Rc3 43. Ra8+ Kd7 44. Ra7+ Kd8 45. Ra8+ 1/2-1/2

[Event "4. Internacional Cidade de São Paulo"]
[Site "São Paulo BRA"]
[Date "2005.11.18"]
[Round "9.1"]
[White "Sunye Neto, Jaime"]
[Black "Matsuura, Everaldo"]
[Result "1/2-1/2"]
[WhiteElo "2522"]
[BlackElo "2453"]
[PlyCount "23"]
[EventDate "2005.11.10"]
[EventType "tourn"]
[EventRounds "9"]
[EventCountry "BRA"]
[EventCategory "11"]
[Source "lmi"]
[SourceDate "2005.11.18"]

1. c4 e5 2. g3 c6 3. d4 exd4 4. Qxd4 d5 5. Nf3 Nf6 6. Bg2 Be7 7. cxd5 cxd5 8.
O-O Nc6 9. Qa4 O-O 10. Nc3 Be6 11. Rd1 a6 12. Ng5 1/2-1/2

[Event "4. Internacional Cidade de São Paulo"]
[Site "São Paulo BRA"]
[Date "2005.11.18"]
[Round "9.2"]
[White "Limp, Eduardo Thelio"]
[Black "Rodriguez, Andres"]
[Result "0-1"]
[WhiteElo "2447"]
[BlackElo "2479"]
[PlyCount "72"]
[EventDate "2005.11.10"]
[EventType "tourn"]
[EventRounds "9"]
[EventCountry "BRA"]
[EventCategory "11"]
[Source "lmi"]
[SourceDate "2005.11.18"]

1. d4 d6 2. e4 g6 3. Nf3 Bg7 4. c3 Nd7 5. Nbd2 e6 6. Be2 Ne7 7. O-O a6 8. a4 b6
9. Re1 O-O 10. Bf1 Bb7 11. Qc2 h6 12. g3 c5 13. Bg2 Qc7 14. dxc5 dxc5 15. Bf1
Bc6 16. Nb3 f5 17. Nfd2 f4 18. Bh3 Ne5 19. Bxe6+ Kh8 20. Bh3 Rad8 21. Rf1 Rd3
22. a5 g5 23. axb6 Qxb6 24. Na5 Rfd8 25. Nac4 Nxc4 26. Nxc4 Qc7 27. Re1 fxg3
28. hxg3 Rxg3+ 29. Bg2 Rg4 30. Ne3 Rh4 31. Nf1 Be5 32. Be3 Rf8 33. Rad1 Bh2+
34. Nxh2 Qxh2+ 35. Kf1 Rg4 36. f3 Bb5+ 0-1

[Event "4. Internacional Cidade de São Paulo"]
[Site "São Paulo BRA"]
[Date "2005.11.18"]
[Round "9.3"]
[White "Leitao, Rafael Duailibe"]
[Black "Vescovi, Giovanni Portilho"]
[Result "1/2-1/2"]
[WhiteElo "2586"]
[BlackElo "2646"]
[PlyCount "46"]
[EventDate "2005.11.10"]
[EventType "tourn"]
[EventRounds "9"]
[EventCountry "BRA"]
[EventCategory "11"]
[Source "lmi"]
[SourceDate "2005.11.18"]

1. d4 d5 2. c4 c6 3. Nf3 Nf6 4. e3 Bf5 5. Nc3 e6 6. Nh4 Bg6 7. Bd2 Nbd7 8. Nxg6
hxg6 9. Qb3 Qc7 10. g3 Be7 11. Rc1 Nb6 12. cxd5 exd5 13. Qc2 Qd7 14. b3 Bb4 15.
Bg2 g5 16. Nd1 Bxd2+ 17. Qxd2 Nc8 18. Nb2 Nd6 19. Nd3 Qf5 20. Nc5 g4 21. Qc2
Qxc2 22. Rxc2 Ke7 23. h3 gxh3 1/2-1/2

[Event "4. Internacional Cidade de São Paulo"]
[Site "São Paulo BRA"]
[Date "2005.11.18"]
[Round "9.4"]
[White "Milos Jr, Gilberto"]
[Black "Lima, Darcy Gustavo"]
[Result "1/2-1/2"]
[WhiteElo "2620"]
[BlackElo "2529"]
[PlyCount "29"]
[EventDate "2005.11.10"]
[EventType "tourn"]
[EventRounds "9"]
[EventCountry "BRA"]
[EventCategory "11"]
[Source "lmi"]
[SourceDate "2005.11.18"]

1. e4 Nf6 2. e5 Nd5 3. d4 d6 4. c4 Nb6 5. f4 dxe5 6. fxe5 c5 7. d5 g6 8. Bd3
Bg7 9. Qe2 e6 10. d6 Qh4+ 11. g3 Qh5 12. Nf3 Nc6 13. g4 Qxg4 14. Rg1 Qh5 15.
Bf4 1/2-1/2